| 000 | 00599nam a2200193 a 4500 | ||
|---|---|---|---|
| 005 | 20240924071115.0 | ||
| 008 | 991125s1905 es 000 0 spa u | ||
| 035 | _aUPN01000031251 | ||
| 049 | _aCE | ||
| 050 | 4 |
_aPQ6323 A15 _bS34 |
|
| 100 | 1 |
_aCervantes Saavedra, Miguel de, _d1547-1616 |
|
| 245 | 1 | 3 |
_aEl ingenioso Hidalgo : _bDon Quijote de la Mancha / _cMiguel de Cervantes Saavedra. |
| 260 |
_aMadrid : _bS. Calleja, _c1905. |
||
| 300 | _a604 p. | ||
| 500 | _aDisponible en la Colección Medina | ||
| 650 | 4 |
_aLiteratura española _95069 |
|
| 650 | 4 |
_aNovela española _910814 |
|
| 905 | _aLibro | ||
| 999 |
_c31251 _d31251 |
||